000 00436nam a22001697a 4500
005 20251108164138.0
008 250721s1986 xx 000 0 ara d
082 1 4 _a301.2/لبي
100 1 _aلبيب، الطاهر
245 1 0 _aسوسيولوجية الثقافة /
250 _aط3.
264 1 _aعمان :
_bدار إبن رشد،
_c1986.
300 _a62ص
650 1 7 _aالثقافة
942 _2ddc
_cBK
999 _c4773
_d4773